00810 2200313 4500001002100000005001500021035002000036245005600056100002000112250000600132300003500138260003900173082001200212084001800224020001800242650003200260990001700292990001700309990001700326990001700343990001700360990001700377990001700394990001700411990001700428990001700445990001700462990001700479INLIS00000000000022520180920112317 a0010-09180000791 aSelayang Pandang Bangka Belitung /cNunung Yuli Eti0 aNunung Yuli Eti a- aiv, 60 hlm. :bilus. ;c21 cm. aKlaten :bPT Intan Pariwara,c2009 a911.598 a911.598 NUN s a979-28-0561-1 aGeografi Historis Indonesia a00954/P/2018 a00955/P/2018 a00956/P/2018 a00954/P/2018 a00955/P/2018 a00956/P/2018 a00955/P/2018 a00954/P/2018 a00956/P/2018 a00956/P/2018 a00954/P/2018 a00955/P/2018